000 00285nam a22001337a 4500
008 210303b ||||| |||| 00| 0 eng d
020 _a9780071849463
041 _aeng
080 _a61
100 _a4
101 _aSHM
245 _aThe Digital Doctor
_cWachter,R
942 _2udc
_cBK
999 _c55633
_d55633